Logo de Partie Politique - Statistiques

Statistiques générales
  • Ce quiz a été pris 156 fois
  • Le résultat moyen est 9 sur 20
Statistiques - réponses
Par images Réponse % Correct
Rassemblement National (RN)
93%
Partie socialistes (PS)
88%
Les républicains (LR)
82%
La France Insoumise (LFI)
78%
Reconquête
69%
Renaissance
68%
Mouvement démocrate(Modem)
63%
Europe écologie les verts (eelv)
62%
Union pour un mouvement populaire (UMP)
60%
Nupes
58%
Parti communiste français (PCF)
49%
Horizons
35%
Les patriotes
22%
Résistons
21%
Libertés indépendants outre-mer & territoires(LIOT)
20%
Rassemblement pour la République(RPR)
18%
Union des démocrates pour la République(UDR)
10%
Debout la France(DLF)
8%
Mouvement national républicain(MNR)
5%
Mouvement républicain et citoyen(MRC)
4%
Aucun quiz correspondant
Distribution des résultats
% des personnes avec chaque résultat
Percentile par nombre de réponses
Votre historique - résultats
Vous n’avez pas pris ce quiz